| 000 | 01143nam a22003497a 4500 | ||
|---|---|---|---|
| 001 | 000025056 | ||
| 003 | CHAP | ||
| 005 | 20220329134654.0 | ||
| 008 | 971013s1975 r 00010 d | ||
| 010 | _a24010 | ||
| 011 | _a24982 | ||
| 035 | _a29082 | ||
| 040 | _cCHAP | ||
| 090 | _aFolleto 515 (1975) | ||
| 100 | 0 | 0 |
_aIchikawa, Sadao. _957269 |
| 245 | 1 | 0 | _aApuntes de mutagénesis. |
| 260 |
_aChapingo, Méx. : _bENA. Colegio de Postgraduados. Rama de Genética, _c1975. |
||
| 300 |
_a67 p. : _b; gráfs. |
||
| 590 |
_aBATCH-UPD _b10 _c20130110 _lUCH01 _h0933 |
||
| 590 |
_aBATCH-UPD _b10 _c20130410 _lUCH01 _h0551 |
||
| 590 |
_aBATCH-UPD _b10 _c20130914 _lUCH01 _h1628 |
||
| 590 |
_aCONVERSION _b10 _c20130109 _lUCH01 _h1314 |
||
| 590 |
_aE5652GLJ _b05 _c20150203 _lUCH01 _h1305 |
||
| 590 |
_aE5995AHE _b05 _c20141111 _lUCH01 _h1304 |
||
| 650 | 1 | 4 |
_aMutación en plantas. _979907 |
| 901 | _aBK | ||
| 942 | _cFOLL | ||
| 942 | _n0 | ||
| 949 |
_aFolleto 515 (1975) _bBC _cFOLL _d-100284 _eTS2 _fc.2 _i29082 _si |
||
| 949 |
_aFolleto 515 (1975) _bBC _cFOLL _d-67184 _eTS1 _i29082 _si |
||
| 949 |
_aFolleto 515 (1975) _bBC _cUACH _d-100285 _eUACH _fc.6 _i29082 _si |
||
| 999 |
_c24010 _d24010 |
||